000 00733nam a22002177a 4500
003 UA-OsUOA
001 118287
007 ta
008 20160728b un ||||| |||| 00| 0 ukr d
100 _aМеркулов М.
090 _a82
_bМ52
942 _cSA
040 _aUA-OsUOA
_bukr
_cUA-OsUOA
_dUA-OsUOA
245 _aАнтичні образи у творах українських письменників барокової доби (На матеріалі віршів ригорія Сковороди та Феофана Прокоповича)
300 _aС.56-63
955 _a0
041 _aukr
080 _a82
773 0 _w118286
650 7 _a82 Література. Літературознавство
_2UDC
999 _c404352
_d404352